[Event "XXXII Festival A"]
[Site "Arco ITA"]
[Date "2010.10.21"]
[Round "6"]
[White "Siebrecht, Sebastian"]
[Black "Trauth, Michael"]
[Result "1/2-1/2"]
[WhiteElo "2421"]
[BlackElo "2197"]
[PlyCount "174"]
[EventDate "2010.10.16"]

1. d4 Nf6 2. c4 c5 3. d5 b5 4. cxb5 a6 5. bxa6 g6 6. Nc3 Bxa6 7. g3 d6 8. Bg2
Nbd7 9. Nf3 Bg7 10. O-O O-O 11. Qc2 Qa5 12. Rd1 Rfb8 13. Rb1 Ng4 14. Bd2 Bc8
15. h3 Nge5 16. Nxe5 Nxe5 17. b3 Bf5 18. e4 Bc8 19. f4 Nd7 20. a4 c4 21. bxc4
Qc5+ 22. Kh2 Qxc4 23. Bf1 Qd4 24. Be1 Qe3 25. Rxb8 Rxb8 26. Nb5 Nc5 27. Bg2 Bd7
28. Bf2 Qb3 29. Qxb3 Nxb3 30. Rb1 Nd2 31. Rc1 Bxb5 32. axb5 Rxb5 33. Rc8+ Bf8
34. Rc2 Nb3 35. g4 f6 36. h4 h6 37. Bf1 Rb7 38. Ba6 Rb4 39. Rb2 Ra4 40. Bb5 Ra3
41. Bd7 Nc1 42. Be6+ Kg7 43. g5 hxg5 44. hxg5 Nd3 45. gxf6+ Kh6 46. Rb8 Nxf2
47. Rxf8 exf6 48. Rh8+ Kg7 49. Rg8+ Kh7 50. f5 gxf5 51. exf5 Ne4 52. Re8 Kh6
53. Rg8 Kh5 54. Kg2 Kh4 55. Kf1 Rg3 56. Rf8 Kg4 57. Ke2 Kf4 58. Kd1 Rg2 59. Kc1
Ke3 60. Rh8 Rf2 61. Rh3+ Kd4 62. Kd1 Rg2 63. Ke1 Rg3 64. Rh2 Ke3 65. Kd1 Kd3
66. Kc1 Re3 67. Kb2 Kd4 68. Rh6 Ke5 69. Rh2 Nc3 70. Rh6 Na4+ 71. Kc2 Nb6 72.
Kd2 Re4 73. Kd3 Nxd5 74. Bxd5 Rd4+ 75. Ke3 Rxd5 76. Rh8 Ra5 77. Re8+ Kxf5 78.
Kd4 Kf4 79. Re6 f5 80. Rxd6 Ra1 81. Kc3 Ke3 82. Rd3+ Ke4 83. Rd4+ Ke5 84. Rd8
Ra2 85. Kd3 Kf4 86. Rf8 Kg4 87. Ke3 Ra3+ 1/2-1/2

[Event "XXXII Festival A"]
[Site "Arco ITA"]
[Date "2010.10.21"]
[Round "6"]
[White "Straubinger, Daniel"]
[Black "Niccoli, Paolo"]
[Result "1-0"]
[WhiteElo "2235"]
[BlackElo "1962"]
[PlyCount "51"]
[EventDate "2010.10.16"]

1. e4 c5 2. Nf3 d6 3. c3 Nf6 4. h3 Nc6 5. Bd3 g6 6. O-O Bg7 7. Bc2 O-O 8. Re1
b6 9. d4 Bb7 10. Nbd2 Rc8 11. a3 Re8 12. Nf1 e6 13. Ng3 d5 14. e5 Nd7 15. h4 h6
16. Be3 Qc7 17. Rc1 Na5 18. b3 Nc6 19. Qd2 Kh7 20. h5 Ne7 21. hxg6+ fxg6 22.
Nh5 Nf5 23. Bxf5 gxf5 24. Nxg7 Kxg7 25. Bxh6+ Kh8 26. Qg5 1-0

[Event "XXXII Festival A"]
[Site "Arco ITA"]
[Date "2010.10.21"]
[Round "6"]
[White "Teodonio, Fabrizio"]
[Black "Salati, Paolo"]
[Result "1-0"]
[WhiteElo "2002"]
[BlackElo "1861"]
[PlyCount "111"]
[EventDate "2010.10.16"]

1. e4 Nf6 2. e5 Nd5 3. c4 Nb6 4. d4 d6 5. f4 dxe5 6. fxe5 Nc6 7. Be3 Bf5 8. Nc3
e6 9. Nf3 Be7 10. Be2 O-O 11. O-O h6 12. a3 Bh7 13. b4 a6 14. d5 exd5 15. cxd5
Nb8 16. Qd2 N8d7 17. Rad1 Qe8 18. Qd4 Rd8 19. Qg4 f5 20. Qd4 Nb8 21. Qd2 Qg6
22. Qa2 Kh8 23. d6 Bxd6 24. exd6 Rxd6 25. Rxd6 Qe8 26. Re6 Qc8 27. Bc5 Rd8 28.
Re7 Bg8 29. Qb2 Nc6 30. Re3 Qd7 31. Rd1 Qc8 32. Rxd8 Qxd8 33. Bxb6 cxb6 34. Qd2
Qf6 35. Nd5 Qa1+ 36. Bf1 b5 37. Re8 Kh7 38. Nf6+ Qxf6 39. Re1 Qf7 40. Ne5 Qc7
41. Nxc6 bxc6 42. Qc2 Qd7 43. Bd3 g6 44. Qe2 Qd4+ 45. Kh1 Qd5 46. Qb2 h5 47.
Be2 Qe4 48. Qd2 Qh4 49. Bf3 Qf6 50. Qd7+ Kh6 51. Qxc6 Qh4 52. Qc3 Kh7 53. g3
Qd8 54. Qe3 Qc8 55. h4 Qb8 56. Qe7+ 1-0

[Event "XXXII Festival A"]
[Site "Arco ITA"]
[Date "2010.10.21"]
[Round "6"]
[White "Tomassoni, Leonardo"]
[Black "Proietti, Tosca"]
[Result "0-1"]
[WhiteElo "1935"]
[BlackElo "1840"]
[PlyCount "128"]
[EventDate "2010.10.16"]

1. e4 c5 2. Nf3 Nc6 3. d4 cxd4 4. Nxd4 e5 5. Nb3 Nf6 6. Nc3 Bb4 7. Bd3 O-O 8.
Bd2 Bxc3 9. Bxc3 d5 10. Qe2 dxe4 11. Bxe4 Nxe4 12. Qxe4 Be6 13. Rd1 Qb6 14. O-O
Rfe8 15. Rfe1 Rad8 16. h3 h6 17. Qh4 Bf5 18. Rxd8 Qxd8 19. Qxd8 Nxd8 20. Re2 f6
21. f3 b6 22. g4 Bg6 23. h4 Ne6 24. Bb4 Rd8 25. Kf2 Nf4 26. Rd2 Rxd2+ 27. Nxd2
Bxc2 28. Bd6 Nd3+ 29. Ke3 Nxb2 30. Bb8 a6 31. Bc7 b5 32. f4 exf4+ 33. Kxf4 Kf7
34. Nb3 Nd3+ 35. Ke3 Nb4 36. Kd2 Be4 37. Bd6 Nc6 38. Ke3 Bd5 39. Nc1 a5 40. a3
b4 41. axb4 axb4 42. Nd3 b3 43. Ba3 Be6 44. Kf4 g5+ 45. hxg5 hxg5+ 46. Kg3 Na5
47. Nb2 Nc4 48. Nxc4 Bxc4 49. Bb2 Be2 50. Bc3 Bd1 51. Bb2 Ke6 52. Bc3 f5 53.
gxf5+ Kxf5 54. Kf2 Kg4 55. Kg2 Bc2 56. Bb2 Be4+ 57. Kf2 Kh3 58. Ke3 Bc2 59. Kf2
g4 60. Kg1 Kg3 61. Be5+ Kf3 62. Kf1 Ke3 63. Ke1 g3 64. Kf1 Be4 0-1

[Event "XXXII Festival A"]
[Site "Arco ITA"]
[Date "2010.10.21"]
[Round "6"]
[White "Vaccari, Giorgio"]
[Black "Brunetti, Marco"]
[Result "0-1"]
[WhiteElo "1613"]
[BlackElo "1838"]
[PlyCount "106"]
[EventDate "2010.10.16"]

1. e4 e5 2. Nf3 f5 3. exf5 e4 4. Qe2 Qe7 5. Nd4 c5 6. Qh5+ Kd8 7. Nb3 Nf6 8.
Qe2 Nc6 9. d3 d5 10. dxe4 dxe4 11. Bg5 Bxf5 12. Nc3 Ke8 13. Rd1 Rd8 14. Rxd8+
Kxd8 15. Qd2+ Qd7 16. Qxd7+ Kxd7 17. Bb5 a6 18. Bxc6+ Kxc6 19. O-O Nd7 20. Na5+
Kb6 21. Nc4+ Kc6 22. Rd1 h6 23. Bd8 b6 24. Bh4 g5 25. Bg3 Be7 26. Ne3 Bg6 27.
Ncd5 Bd8 28. c4 h5 29. h3 Re8 30. b3 b5 31. cxb5+ axb5 32. Rc1 h4 33. Bh2 Ba5
34. b4 Bb6 35. bxc5 Bxc5 36. Nb4+ Kb7 37. Nbc2 Ne5 38. Bxe5 Rxe5 39. a3 Bf7 40.
Rd1 Bb3 41. Rc1 Kb6 42. Rb1 Bxc2 43. Nxc2 Ka5 44. Rb3 Rd5 45. Kf1 Rd3 46. Rb1
Bxa3 47. Re1 b4 48. Rxe4 Ka4 49. Nxa3 Kxa3 50. Re5 b3 51. Rxg5 b2 52. Ra5+ Kb4
53. Ra8 Rb3 0-1

[Event "XXXII Festival A"]
[Site "Arco ITA"]
[Date "2010.10.21"]
[Round "6"]
[White "Varadi, Benedek"]
[Black "Astengo, Corrado"]
[Result "0-1"]
[WhiteElo "1950"]
[BlackElo "2150"]
[PlyCount "54"]
[EventDate "2010.10.16"]

1. d4 d5 2. c4 e6 3. Nf3 Nf6 4. e3 c6 5. Nbd2 Nbd7 6. b3 Bd6 7. Bb2 c5 8. Bd3
cxd4 9. exd4 dxc4 10. bxc4 b6 11. O-O Bb7 12. Re1 O-O 13. Ne5 Nxe5 14. dxe5
Bxe5 15. Bxh7+ Nxh7 16. Bxe5 Qg5 17. g3 Rfd8 18. f4 Qe7 19. Re3 Qc5 20. Qe2 Rd7
21. h3 Rad8 22. Nb3 Qc6 23. Kh2 Rd1 24. Rxd1 Rxd1 25. g4 Re1 26. Qd2 Rxe3 27.
Qd8+ Nf8 0-1

[Event "XXXII Festival A"]
[Site "Arco ITA"]
[Date "2010.10.21"]
[Round "6"]
[White "Varzi, Florian"]
[Black "Hilbenz, Guntram"]
[Result "0-1"]
[WhiteElo "1570"]
[BlackElo "1912"]
[PlyCount "97"]
[EventDate "2010.10.16"]

1. d4 d6 2. c4 e5 3. dxe5 dxe5 4. Qxd8+ Kxd8 5. e4 c6 6. Nf3 f6 7. a3 Be6 8.
Be3 Nd7 9. Nbd2 a5 10. Rc1 a4 11. Be2 Bc5 12. Nf1 Bxe3 13. Nxe3 Nc5 14. Nf5 g6
15. Ng3 Kc7 16. Rd1 Ne7 17. O-O Nc8 18. Rc1 Rd8 19. Rfd1 Nd6 20. Nd2 b6 21. f3
Ndb7 22. Ndf1 Na5 23. Ne3 Nab3 24. Rxd8 Rxd8 25. Rd1 Rxd1+ 26. Bxd1 Nd3 27.
Bxb3 axb3 28. Nd1 Bxc4 29. Nf1 Nc5 30. Nd2 Be6 31. Kf2 Na4 32. Ke3 g5 33. g3
Kd6 34. Kd3 Kc5 35. g4 b5 36. h3 b4 37. axb4+ Kxb4 38. Nb1 Bc4+ 39. Ke3 Bf7 40.
Kd3 Nc5+ 41. Kd2 Ne6 42. Nbc3 Nf4 43. Nf2 Bc4 44. Ke1 Ba6 45. Nb1 Be2 46. Nd2
Bd3 47. Kd1 c5 48. Ke1 c4 49. Nxd3+ 0-1

[Event "XXXII Festival A"]
[Site "Arco ITA"]
[Date "2010.10.21"]
[Round "6"]
[White "Vezzosi, Paolo"]
[Black "Welz, Peter"]
[Result "1-0"]
[WhiteElo "2347"]
[BlackElo "2156"]
[PlyCount "73"]
[EventDate "2010.10.16"]

1. d4 f5 2. g3 Nf6 3. Bg2 g6 4. c4 Bg7 5. Nf3 O-O 6. b4 d6 7. Bb2 e5 8. dxe5
Ng4 9. Qb3 Nxe5 10. Nbd2 Nxf3+ 11. Nxf3 Bxb2 12. c5+ Kg7 13. Qxb2+ Qf6 14. Nd4
dxc5 15. bxc5 Na6 16. Rc1 c6 17. O-O Nc7 18. Rfd1 Rf7 19. e3 Ne6 20. Rc4 Kh6
21. Qc1 g5 22. h4 Kg7 23. Nxe6+ Bxe6 24. hxg5 Qxg5 25. Rcd4 Re8 26. Bf3 Rf6 27.
Qb2 Kg8 28. Qxb7 Bxa2 29. Bxc6 Rf7 30. Qb2 Rc8 31. Bd7 Rxd7 32. Rxd7 Be6 33.
R7d6 Bf7 34. c6 h5 35. c7 Kh7 36. Rd7 Qg7 37. Qb5 1-0

[Event "XXXII Festival A"]
[Site "Arco ITA"]
[Date "2010.10.21"]
[Round "6"]
[White "Weinberg, Emanuele"]
[Black "Kern, Beat"]
[Result "0-1"]
[WhiteElo "1815"]
[BlackElo "1668"]
[PlyCount "60"]
[EventDate "2010.10.16"]

1. d4 d5 2. Nf3 Nf6 3. g3 e6 4. Bg2 Be7 5. O-O O-O 6. c4 c6 7. Nc3 Nbd7 8. b3
Re8 9. Bb2 Bd6 10. Qc2 e5 11. dxe5 Nxe5 12. cxd5 Nxf3+ 13. Bxf3 cxd5 14. Nxd5
Be5 15. Rfd1 Nxd5 16. Bxd5 Qf6 17. Bxe5 Qxe5 18. Qc4 Be6 19. Bxe6 Rxe6 20. e3
Rc6 21. Qd4 Qc7 22. Qd7 Rc8 23. Qg4 Qe5 24. Qd4 Qc7 25. Qxa7 Rc2 26. Qd4 h6 27.
a4 Qc6 28. Qh4 Qf3 29. Rd8+ Kh7 30. Rf1 Rxf2 0-1

[Event "XXXII Festival A"]
[Site "Arco ITA"]
[Date "2010.10.21"]
[Round "6"]
[White "Wild, Helmut"]
[Black "Lezzerini, Marco"]
[Result "1-0"]
[WhiteElo "1955"]
[BlackElo "1674"]
[PlyCount "53"]
[EventDate "2010.10.16"]

1. c4 Nf6 2. Nc3 g6 3. e4 d6 4. d4 Bg7 5. f4 O-O 6. Nf3 c5 7. d5 e6 8. Be2 a6
9. O-O exd5 10. cxd5 Nfd7 11. a4 Re8 12. Bd3 b6 13. Qc2 a5 14. Nb5 Bf8 15. Bd2
Na6 16. Rae1 Nb4 17. Bxb4 axb4 18. e5 Nb8 19. Ng5 dxe5 20. Nxf7 Kxf7 21. fxe5+
Kg7 22. e6 Re7 23. Bc4 Re8 24. Rf7+ Kh8 25. Nc7 Ra7 26. Nxe8 Qxe8 27. Rxa7 1-0

[Event "XXXII Festival A"]
[Site "Arco ITA"]
[Date "2010.10.21"]
[Round "6"]
[White "Wild, Katharina"]
[Black "Diotallevi, Maurizio"]
[Result "1/2-1/2"]
[WhiteElo "1906"]
[BlackElo "2060"]
[PlyCount "110"]
[EventDate "2010.10.16"]

1. c4 e6 2. e4 d5 3. exd5 exd5 4. d4 Nf6 5. Nc3 Be7 6. Bd3 dxc4 7. Bxc4 O-O 8.
Nf3 Bg4 9. Be3 Nbd7 10. O-O Nb6 11. Bb3 c6 12. h3 Bh5 13. a3 Nbd5 14. Nxd5 Nxd5
15. g4 Bg6 16. Ne5 Qd6 17. Qf3 Rad8 18. Rae1 Qc7 19. Bxd5 Rxd5 20. Bf4 Bd6 21.
Nxg6 fxg6 22. Bxd6 Qxd6 23. Qb3 b5 24. Re5 Rd8 25. Rfe1 Kf8 26. Qf3+ Qf6 27.
Qxf6+ gxf6 28. Re6 R5d6 29. Re7 Rxd4 30. Rxh7 Rd1 31. Rh8+ Kg7 32. Rxd8 Rxe1+
33. Kg2 a5 34. Rd7+ Kh6 35. Rd6 Re2 36. Rxc6 Rxb2 37. Rxf6 Rb3 38. Rb6 a4 39.
h4 Kg7 40. f3 Rxa3 41. Rxb5 Rb3 42. Ra5 a3 43. Kg3 Kf6 44. h5 gxh5 45. Rxh5 a2
46. Ra5 Rb2 47. Ra4 Kg5 48. f4+ Kg6 49. Ra3 Rb3+ 50. Rxb3 a1=Q 51. Rb6+ Kf7 52.
Rb7+ Ke6 53. f5+ Kd6 54. Rb6+ Kd5 55. Re6 Qg1+ 1/2-1/2

[Event "XXXII Festival A"]
[Site "Arco ITA"]
[Date "2010.10.21"]
[Round "6"]
[White "Zucchelli, Massimo"]
[Black "Molnar, Bela"]
[Result "1/2-1/2"]
[WhiteElo "2160"]
[BlackElo "2330"]
[PlyCount "65"]
[EventDate "2010.10.16"]

1. d4 g6 2. c4 Bg7 3. Nc3 Nf6 4. e4 O-O 5. Be2 c6 6. e5 Ne8 7. f4 d5 8. cxd5
cxd5 9. Qb3 Nc6 10. Be3 Nc7 11. Rc1 Na5 12. Qa4 Nc4 13. Bxc4 dxc4 14. Qxc4 Be6
15. Qe2 Nd5 16. Nf3 Rc8 17. O-O Nxc3 18. Rxc3 Bxa2 19. Ra1 Qd5 20. Rac1 Rxc3
21. Rxc3 Rd8 22. Qc2 f6 23. b3 Qa5 24. Nd2 g5 25. Rc5 Qa6 26. fxg5 fxe5 27. Rc8
Rxc8 28. Qxc8+ Kf7 29. Qf5+ Kg8 30. Qc8+ Kf7 31. Qf5+ Kg8 32. Qc8+ Bf8 33. dxe5
1/2-1/2

[Event "XXXII Festival A"]
[Site "Arco ITA"]
[Date "2010.10.22"]
[Round "7"]
[White "Aagaard, Jacob"]
[Black "Vezzosi, Paolo"]
[Result "1-0"]
[WhiteElo "2534"]
[BlackElo "2347"]
[PlyCount "111"]
[EventDate "2010.10.16"]

1. e4 c5 2. Nf3 a6 3. c3 e6 4. d4 d5 5. exd5 exd5 6. c4 Nf6 7. cxd5 cxd4 8. Bc4
Bb4+ 9. Kf1 O-O 10. Qxd4 Nbd7 11. Bg5 Bc5 12. Qd2 Nb6 13. Bb3 Nbxd5 14. Bxd5
Qxd5 15. Bxf6 Qc4+ 16. Kg1 gxf6 17. Nc3 Be6 18. h4 Kg7 19. h5 Rad8 20. Qc1 Be7
21. Rh4 Qd3 22. Ne4 Rd5 23. Qc7 Bd8 24. Qxb7 h6 25. Nc3 Rd7 26. Qb4 Be7 27. Qa4
Rfd8 28. Re1 f5 29. Re3 Qd6 30. Rd4 Qb6 31. Rxd7 Rxd7 32. Re2 Bf6 33. Qf4 Qc7
34. Ne5 Bg5 35. Qa4 Rd2 36. Rxd2 Bxd2 37. Qd4 Bxc3 38. bxc3 f6 39. Nf3 Bxa2 40.
Qd3 Qf4 41. Qxa6 Qc1+ 42. Qf1 Qxc3 43. Qd1 Qb3 44. Qd7+ Qf7 45. Qxf5 Be6 46.
Qe4 f5 47. Qe5+ Qf6 48. Qg3+ Kh7 49. Qd6 Kg7 50. Ne5 f4 51. Qc7+ Kg8 52. Ng6 f3
53. Qb8+ Kh7 54. Nf8+ Kg7 55. Nxe6+ Qxe6 56. Qg3+ 1-0

[Event "XXXII Festival A"]
[Site "Arco ITA"]
[Date "2010.10.22"]
[Round "7"]
[White "Andersson, Ulf"]
[Black "Garvani, Vittorio"]
[Result "1-0"]
[WhiteElo "2566"]
[BlackElo "1940"]
[PlyCount "49"]
[EventDate "2010.10.16"]

1. Nf3 Nf6 2. c4 c5 3. Nc3 Nc6 4. g3 g6 5. Bg2 Bg7 6. O-O O-O 7. d4 cxd4 8.
Nxd4 Qb6 9. Nb3 d6 10. Be3 Qd8 11. Rc1 Ng4 12. Bd2 a5 13. h3 Nge5 14. Nd5 a4
15. Na1 Be6 16. Kh2 f5 17. b3 axb3 18. axb3 Nd7 19. Bc3 Nf6 20. Nc2 Kh8 21. Qd2
Bxd5 22. cxd5 Ne5 23. Nd4 Qb6 24. Ne6 Bh6 25. Qxh6 1-0

[Event "XXXII Festival A"]
[Site "Arco ITA"]
[Date "2010.10.22"]
[Round "7"]
[White "Antoniacci, Riccardo"]
[Black "Cavatorta, Ivan"]
[Result "1-0"]
[WhiteElo "1923"]
[BlackElo "1815"]
[PlyCount "139"]
[EventDate "2010.10.16"]

1. e4 e6 2. Qe2 Be7 3. Nf3 d5 4. d3 dxe4 5. dxe4 b6 6. Bf4 Ba6 7. Qe3 Bc5 8.
Qc3 Nf6 9. Nbd2 Bxf1 10. Rxf1 a5 11. O-O-O Bd6 12. Bg5 Bb4 13. Qc4 h6 14. Bh4
Qd7 15. a3 Be7 16. Ne5 Qd6 17. Bg3 Qc5 18. Qe2 a4 19. f4 Nc6 20. Bf2 Nd4 21.
Bxd4 Qxd4 22. Qb5+ Kf8 23. Nc6 Qc5 24. Qxc5 Bxc5 25. f5 e5 26. Nxe5 Re8 27. Nd3
Nxe4 28. Nxe4 Rxe4 29. Nxc5 bxc5 30. Rd8+ Re8 31. Rxe8+ Kxe8 32. Rf4 Ke7 33.
Rxa4 Rd8 34. Rf4 Rd6 35. b3 Kf6 36. a4 Ke5 37. Rf2 c4 38. Kb2 cxb3 39. cxb3 c5
40. Kc3 Rb6 41. g4 Kd6 42. Rf4 Ke5 43. Rc4 Kd5 44. a5 Ra6 45. b4 cxb4+ 46. Kxb4
Rxa5 47. Rc7 Ra2 48. Rxf7 Rxh2 49. Rxg7 Rg2 50. Kc3 Rf2 51. Kd3 Rf3+ 52. Ke2
Rg3 53. Kf2 Ra3 54. Rh7 Ra4 55. Kg3 Ra6 56. Kh4 Ke5 57. Kh5 Ra1 58. Kxh6 Kf6
59. g5+ Kxf5 60. Rf7+ Ke6 61. g6 Rh1+ 62. Kg7 Rg1 63. Rf2 Rg3 64. Kh7 Rh3+ 65.
Kg8 Rg3 66. g7 Ra3 67. Rh2 Ra8+ 68. Kh7 Ra7 69. Re2+ Kf6 70. Kh8 1-0

[Event "XXXII Festival A"]
[Site "Arco ITA"]
[Date "2010.10.22"]
[Round "7"]
[White "Astengo, Corrado"]
[Black "Straubinger, Daniel"]
[Result "1/2-1/2"]
[WhiteElo "2150"]
[BlackElo "2235"]
[PlyCount "42"]
[EventDate "2010.10.16"]

1. e4 e5 2. Nf3 Nc6 3. Bc4 Nf6 4. d4 exd4 5. e5 d5 6. Bb5 Ne4 7. Nxd4 Bd7 8.
Bxc6 bxc6 9. O-O Bc5 10. Be3 O-O 11. f3 Ng5 12. f4 Ne4 13. Nd2 Nxd2 14. Qxd2
Bb6 15. Nb3 f6 16. a4 fxe5 17. fxe5 Qg5 18. Rxf8+ Rxf8 19. Re1 a5 20. e6 Bc8
21. Nd4 Bxd4 1/2-1/2

[Event "XXXII Festival A"]
[Site "Arco ITA"]
[Date "2010.10.22"]
[Round "7"]
[White "Baeta, Marcio Netto"]
[Black "Dalponte, Dino"]
[Result "1-0"]
[WhiteElo "2221"]
[BlackElo "2141"]
[PlyCount "115"]
[EventDate "2010.10.16"]

1. e4 e6 2. d4 g6 3. f4 Bg7 4. Nf3 d6 5. Bd3 Ne7 6. Be3 b6 7. c3 d5 8. e5 c5 9.
Na3 c4 10. Be2 Bd7 11. O-O a5 12. b3 b5 13. Qd2 Qc7 14. bxc4 bxc4 15. Rab1 Bc6
16. Nb5 Bxb5 17. Rxb5 Nbc6 18. Rfb1 Ra7 19. Bd1 O-O 20. Ba4 Rb8 21. Qb2 Raa8
22. Rb6 Qc8 23. Qa3 Bf8 24. Qc5 Rxb6 25. Rxb6 Ra6 26. Bc1 Rxb6 27. Qxb6 Qb8 28.
Qxb8 Nxb8 29. Be8 h6 30. g4 Nec6 31. f5 gxf5 32. gxf5 Nd8 33. f6 Kh7 34. Nh4
Nbc6 35. Kf2 h5 36. Kf3 Bh6 37. Bxh6 Kxh6 38. Ng2 Kg5 39. h4+ Kf5 40. Ne3+ Kg6
41. Kf4 Nb8 42. Nf1 Na6 43. Ng3 Nc7 44. Ba4 Kh6 45. Bd1 Nb5 46. Ne2 Na3 47. Ba4
Kg6 48. Ng3 Kh6 49. Ke3 Nb1 50. Ne2 Nb7 51. Bc2 Na3 52. Kd2 Nxc2 53. Kxc2 Kg6
54. Ng3 Nd8 55. Kb2 Nc6 56. Ka3 Na7 57. Ka4 Nc6 58. Kb5 1-0

[Event "XXXII Festival A"]
[Site "Arco ITA"]
[Date "2010.10.22"]
[Round "7"]
[White "Blasco, Domenico"]
[Black "Varadi, Benedek"]
[Result "1/2-1/2"]
[WhiteElo "1961"]
[BlackElo "1950"]
[PlyCount "66"]
[EventDate "2010.10.16"]

1. d4 d5 2. Nf3 Nf6 3. e3 c5 4. c3 g6 5. Bd3 Bg7 6. Nbd2 Qb6 7. O-O O-O 8. Ne5
Nfd7 9. f4 Nc6 10. Qf3 e6 11. Qe2 f6 12. Nxc6 bxc6 13. Kh1 e5 14. fxe5 fxe5 15.
Rxf8+ Kxf8 16. e4 Kg8 17. exd5 cxd5 18. dxe5 Nxe5 19. Nf3 Bg4 20. Bf4 Bxf3 21.
gxf3 c4 22. Bxe5 Re8 23. f4 cxd3 24. Qxd3 Bxe5 25. Qxd5+ Kh8 26. fxe5 Qxb2 27.
Rd1 Qxc3 28. e6 Qe3 29. Qd4+ Qxd4 30. Rxd4 Rxe6 31. Rd8+ Kg7 32. Rd7+ Kf6 33.
Rxa7 Re2 1/2-1/2

[Event "XXXII Festival A"]
[Site "Arco ITA"]
[Date "2010.10.22"]
[Round "7"]
[White "Bonagura, Stefano"]
[Black "Di Lazzaro, Gabriele"]
[Result "1/2-1/2"]
[WhiteElo "2130"]
[BlackElo "1901"]
[PlyCount "136"]
[EventDate "2010.10.16"]

1. c4 e5 2. g3 Nc6 3. Nc3 Bc5 4. Bg2 Nf6 5. Nf3 d6 6. O-O a6 7. d3 h6 8. a3 Ba7
9. b4 Nd4 10. Ne1 c6 11. e3 Ne6 12. Qb3 Bd7 13. Nf3 Qc7 14. Bb2 c5 15. Nd5 Qd8
16. Nxf6+ Qxf6 17. d4 cxd4 18. exd4 exd4 19. Nd2 Rb8 20. Ne4 Qe7 21. b5 axb5
22. cxb5 Bc5 23. a4 b6 24. Ba3 O-O 25. Rfe1 Kh8 26. Qd5 Bxa3 27. Rxa3 Nc7 28.
Qxd6 Qxd6 29. Nxd6 Be6 30. Rd3 Bd5 31. Bxd5 Nxd5 32. Rxd4 Nf6 33. Re7 Kg8 34.
Rb7 Rxb7 35. Nxb7 Rb8 36. Rd8+ Rxd8 37. Nxd8 Kf8 38. Nc6 Ke8 39. Ne5 Nd5 40.
Nc4 Kd7 41. Kf1 Kc7 42. Ke1 Nc3 43. Nb2 Kd6 44. Kd2 Ne4+ 45. Ke3 Kd5 46. f3 Nc5
47. h4 g6 48. g4 f6 49. f4 f5 50. g5 h5 51. Nd3 Nxa4 52. Ne5 Nc3 53. Nxg6 Ke6
54. Ne5 Nxb5 55. Nc4 Nc7 56. Nxb6 Kd6 57. Nc4+ Ke6 58. Nd2 Nd5+ 59. Kf3 Ne7 60.
Nf1 Ng6 61. Ng3 Nxh4+ 62. Kf2 Kf7 63. Nxh5 Ng6 64. Ke3 Ne7 65. Kd4 Kg6 66. Ng3
Nc6+ 67. Kc5 Nd8 68. Kd5 Nf7 1/2-1/2

[Event "XXXII Festival A"]
[Site "Arco ITA"]
[Date "2010.10.22"]
[Round "7"]
[White "Borries, Barbara"]
[Black "Tovazzi, Maurizio"]
[Result "1-0"]
[WhiteElo "1904"]
[BlackElo "1739"]
[PlyCount "75"]
[EventDate "2010.10.16"]

1. e4 e5 2. Nf3 Nc6 3. Bb5 d6 4. d4 exd4 5. Nxd4 Bd7 6. c3 g6 7. O-O Bg7 8.
Nxc6 Bxc6 9. Bd3 Qd7 10. b4 Ne7 11. a4 b6 12. Bb2 O-O 13. Nd2 Rfe8 14. Qc2 a6
15. Rfe1 Bb7 16. a5 b5 17. Nf3 Nc6 18. Rad1 Re7 19. Bc1 Rae8 20. Be3 Qc8 21. h3
Kh8 22. Qb3 Ne5 23. Nxe5 Bxe5 24. c4 bxc4 25. Qxc4 Bg7 26. Bd2 Kg8 27. Rc1 Qe6
28. f3 Qxc4 29. Bxc4 Kf8 30. Kf1 h6 31. Bb3 Rd8 32. Bf4 c6 33. Red1 Red7 34.
Ba4 Be5 35. Bxh6+ Ke7 36. Bxc6 Bxc6 37. Rxc6 Rb7 38. Bd2 1-0

[Event "XXXII Festival A"]
[Site "Arco ITA"]
[Date "2010.10.22"]
[Round "7"]
[White "Brunetti, Marco"]
[Black "Rizzo, Giuseppe"]
[Result "1-0"]
[WhiteElo "1838"]
[BlackElo "1659"]
[PlyCount "37"]
[EventDate "2010.10.16"]

1. e4 Nf6 2. Nc3 e5 3. f4 Nc6 4. fxe5 Nxe5 5. d4 Nc6 6. e5 Ng8 7. Nf3 d6 8. Bc4
Na5 9. Bxf7+ Kxf7 10. O-O Ke8 11. Bg5 Be7 12. Bxe7 Qxe7 13. Nd5 Qd8 14. Qe2 Ne7
15. exd6 Qxd6 16. Nxe7 Qxe7 17. Qb5+ Nc6 18. Rae1 Be6 19. d5 1-0

[Event "XXXII Festival A"]
[Site "Arco ITA"]
[Date "2010.10.22"]
[Round "7"]
[White "Buck, Klaus-Michael"]
[Black "Vaccari, Giorgio"]
[Result "1/2-1/2"]
[WhiteElo "1818"]
[BlackElo "1613"]
[PlyCount "91"]
[EventDate "2010.10.16"]

1. d4 Nf6 2. Nf3 g6 3. g3 Bg7 4. Bg2 d5 5. O-O O-O 6. Nbd2 c6 7. a4 Nbd7 8. b4
e5 9. dxe5 Ng4 10. Rb1 Ngxe5 11. Nxe5 Nxe5 12. e4 dxe4 13. Nxe4 Qxd1 14. Rxd1
Bf5 15. Be3 Nc4 16. Bd4 Rfe8 17. f3 Bxe4 18. fxe4 Bxd4+ 19. Rxd4 Ne3 20. Rc1
Rad8 21. Rd3 Nc4 22. Rcd1 Rxd3 23. Rxd3 Ne5 24. Rd4 Kf8 25. c4 Ke7 26. h3 Rd8
27. Rxd8 Kxd8 28. Bf1 b6 29. Kf2 Kd7 30. Ke3 c5 31. b5 g5 32. Be2 h6 33. Bf1
Ke6 34. Be2 f6 35. g4 Ng6 36. Bd3 Ke5 37. Be2 Nf4 38. Bf1 Kd6 39. Kf3 Ke5 40.
Ke3 Ne6 41. Be2 Nd4 42. Bd1 Ne6 43. Be2 Nd8 44. Bf1 Nb7 45. Be2 Nd6 46. Bd3
1/2-1/2

[Event "XXXII Festival A"]
[Site "Arco ITA"]
[Date "2010.10.22"]
[Round "7"]
[White "Calavalle, Giulio"]
[Black "Basso, Pier Luigi"]
[Result "0-1"]
[WhiteElo "2238"]
[BlackElo "1779"]
[PlyCount "84"]
[EventDate "2010.10.16"]

1. e4 c5 2. Nc3 Nc6 3. Nge2 d6 4. d3 e6 5. g3 g6 6. Bg2 Bg7 7. O-O a6 8. Be3
Nd4 9. Rb1 Qa5 10. Bd2 Qc7 11. Nxd4 cxd4 12. Ne2 Ne7 13. c3 dxc3 14. Bxc3 Bxc3
15. bxc3 O-O 16. Qb3 Nc6 17. f4 b5 18. Qb2 Rb8 19. Qd2 Ne7 20. g4 f5 21. gxf5
exf5 22. Nd4 Qc5 23. Kh1 Bd7 24. Nf3 Rbc8 25. Rbc1 fxe4 26. dxe4 Be6 27. Ng5
Bc4 28. Rfd1 Rcd8 29. Rg1 h6 30. Nf3 Qh5 31. Nd4 Kh7 32. Bf3 Qh4 33. Rg4 Qf6
34. f5 gxf5 35. exf5 Rg8 36. Rcg1 Rxg4 37. Rxg4 Rg8 38. Rxg8 Bxg8 39. a3 Qe5
40. Qd3 Bc4 41. Qc2 Qe1+ 42. Kg2 Bf1+ 0-1

[Event "XXXII Festival A"]
[Site "Arco ITA"]
[Date "2010.10.22"]
[Round "7"]
[White "Camerini, Lorenzo"]
[Black "Eperjesi, Laszlo"]
[Result "1/2-1/2"]
[WhiteElo "2100"]
[BlackElo "2194"]
[PlyCount "37"]
[EventDate "2010.10.16"]

1. c4 c5 2. g3 Nc6 3. Bg2 g6 4. Nc3 Bg7 5. Nf3 e5 6. O-O Nge7 7. Rb1 O-O 8. a3
a5 9. Ne1 d6 10. Nc2 Be6 11. Ne3 Rb8 12. d3 Nd4 13. Bd2 b5 14. Nxb5 Nxb5 15.
cxb5 Rxb5 16. b4 axb4 17. axb4 cxb4 18. Rxb4 Rxb4 19. Bxb4 1/2-1/2

[Event "XXXII Festival A"]
[Site "Arco ITA"]
[Date "2010.10.22"]
[Round "7"]
[White "Casagrande, Fabio"]
[Black "Bonade', Massimo"]
[Result "1-0"]
[WhiteElo "2010"]
[BlackElo "2091"]
[PlyCount "117"]
[EventDate "2010.10.16"]

1. e4 c5 2. c3 b6 3. d4 Bb7 4. Bd3 Nf6 5. Nd2 cxd4 6. cxd4 e6 7. Ngf3 Nc6 8.
O-O Nb4 9. Bb1 Ba6 10. Re1 Nd3 11. Re3 Nxc1 12. Qxc1 Rc8 13. Rc3 Bb4 14. Rxc8
Qxc8 15. Qxc8+ Bxc8 16. Bd3 Nh5 17. Rc1 Kd8 18. a3 Bd6 19. e5 Bb8 20. g3 Ke7
21. b4 h6 22. h4 Bb7 23. Be4 Rc8 24. Rxc8 Bxc8 25. b5 g6 26. Nc4 Ng7 27. d5
exd5 28. Bxd5 Ne6 29. Ne3 Nc7 30. Bc4 Bb7 31. Nd4 Ne6 32. Nxe6 dxe6 33. f4 h5
34. Kf2 f6 35. Bd3 Kf7 36. Nc4 Bd5 37. Nd6+ Bxd6 38. exd6 f5 39. Ke3 Bb7 40.
Kd4 Bc8 41. Bc4 Kf6 42. Be2 Bb7 43. Bc4 Bc8 44. a4 Bb7 45. d7 Ke7 46. Bxe6 Bf3
47. Bf7 Kxd7 48. Ke5 Bd1 49. Kf6 Bxa4 50. Kxg6 Bxb5 51. Kxh5 Ke7 52. Kg6 Be2
53. Kg7 b5 54. h5 Bxh5 55. Bxh5 a5 56. g4 a4 57. gxf5 a3 58. f6+ Kd7 59. Bf7
1-0

[Event "XXXII Festival A"]
[Site "Arco ITA"]
[Date "2010.10.22"]
[Round "7"]
[White "De Bettin, Sergio"]
[Black "Bortolotti, Silvano"]
[Result "0-1"]
[WhiteElo "1825"]
[BlackElo "1778"]
[PlyCount "58"]
[EventDate "2010.10.16"]

1. e4 e5 2. Nf3 Nc6 3. Bb5 a6 4. Bxc6 dxc6 5. h3 Bd6 6. O-O Ne7 7. d4 exd4 8.
Qxd4 O-O 9. Rd1 c5 10. Qd3 Nc6 11. Be3 Be6 12. Nc3 b6 13. Ng5 Ne5 14. Qe2 Qc8
15. Nd5 h6 16. f4 Bxd5 17. fxe5 hxg5 18. Rxd5 Be7 19. Qh5 c6 20. Rd3 Qe6 21.
Rf1 Qxe5 22. Rf5 Qxe4 23. Rf3 f6 24. h4 Qxh4 25. Rh3 Qxh5 26. Rxh5 Rad8 27. Rb3
Rb8 28. Bf2 Rfd8 29. Rbh3 Kf7 0-1